000 00897nam a2200277 a 4500
001 40771
003 BD-RjUL
005 20211209053257.0
008 160510s1965 nyu b 000 0 eng
035 _a(BD-RjUL)40886
040 _aDLC
_cDLC
_dDLC
_beng
041 _aeng
082 0 0 _a301.15
_bLII 1965
100 1 _aLindblom, Charles Edward
_d1917-
_9125459
245 1 4 _aThe intelligence of democracy :
_bdecision making through mutual adjustment /
_c[by] Charles E. Lindblom.
260 _aNew York :
_bFree Press,
_cc1965
300 _aviii, 352 p. ;
_c22 cm.
504 _aBibliographical references included in "Notes" (p. 336-346)
650 0 _aSocial sciences
_xMethodology.
_9125460
650 0 _aDecision making.
_9125461
650 0 _aAttitude change.
_9125462
650 0 _aDemocracy.
_9125463
650 0 _aSocial interaction.
_9125464
942 _2ddc
_cBK
999 _c40771
_d40771